00477nam a2200133Ia 4500008004100000041000800041082001500049100001900064245004400083260006400127300002900191999001700220952010600237240624s9999 xx 000 0 und d aeng a332.63 PRI aPRING S MARTIN aCOMPLETE GUIDE TO TECHNICAL ANALYSIS AN c2015aNew DelhibShroff Publishers and Distributors Pvt Ltd ax, : 596 : p. : cm. ; 23 c28535d28535 00104070aIMTNbIMTNcRack 11-Ad2017-02-22o332.63 PRIp28535r2024-06-24 00:00:00w2024-06-24yBK